Normal view
MARC view
- العسيري، خالد حسين سعيد
Entry Personal Name
001 - CONTROL NUMBER
- control field: 51981
003 - CONTROL NUMBER IDENTIFIER
- control field: JO-AjAnu
005 - DATE AND TIME OF LATEST TRANSACTION
- control field: 20230606082540.0
008 - FIXED-LENGTH DATA ELEMENTS
- fixed length control field: 230606|| aca||aabn | a|a d
040 ## - CATALOGING SOURCE
- Original cataloging agency: JO-AjAnu
- Transcribing agency: JO-AjAnu
100 ## - HEADING--PERSONAL NAME
- Personal name: العسيري، خالد حسين سعيد
670 ## - SOURCE DATA FOUND
- Source citation: Work cat.: (JO-AjAnu)26567: العسيري، خالد حسين سعيد, author, إستراتيجية إستقطاب الكفاءة الأكاديمية لتحقيق الميزة التنافسية: نموذج مقترح لمنظمات التعليم العالي بالمملكة العربية السعودية